El pensamiento de la CEPAL (Record no. 48299)

MARC details
000 -LEADER
fixed length control field 00578nam a22001817a 4500
005 - DATE AND TIME OF LATEST TRANSACTION
control field 20241101143538.0
008 - FIXED-LENGTH DATA ELEMENTS--GENERAL INFORMATION
fixed length control field | mx b|||gr|||| 00| 0 spa|d
050 14 - LIBRARY OF CONGRESS CALL NUMBER
Classification number HB159
Item number R63 1979
100 1# - MAIN ENTRY--PERSONAL NAME
Personal name Rodríguez, Octavio
245 13 - TITLE STATEMENT
Title El pensamiento de la CEPAL
Statement of responsibility, etc / Octavio Rodríguez.
250 ## - EDITION STATEMENT
Edition statement 1a ed.
260 ## - PUBLICATION, DISTRIBUTION, ETC. (IMPRINT)
Place of publication, distribution, etc México :
Name of publisher, distributor, etc Universidad Nacional Autónoma de México, Facultad de Economía,
Date of publication, distribution, etc 1979
300 ## - PHYSICAL DESCRIPTION
Extent 245 p. ;
Dimensions 20 cm.
504 ## - BIBLIOGRAPHY, ETC. NOTE
Bibliography, etc Incluye bibliografías
650 #7 - SUBJECT ADDED ENTRY--TOPICAL TERM
Source of heading or term lemb
Topical term or geographic name as entry element Política económica
650 #4 - SUBJECT ADDED ENTRY--TOPICAL TERM
Topical term or geographic name as entry element Economía
Geographic subdivision América Latina
942 ## - ADDED ENTRY ELEMENTS (KOHA)
Source of classification or shelving scheme Biblioteca del Cogreso de los Estados Unidos
Koha item type Libro
Holdings
Estado de pérdida Fuente de clasificación Estado del daño No para préstamo Ubicación permanente Ubicación actual Apartado o colección Fecha de adquisición Fuente de adquisición Edición Enumeración de Serie / Cronológica Dependencia de educación superior (DES) Área del conocimiento Clasificación Código de Barras Date last seen Número de copia Costo por reposición Tipo de recurso
  Biblioteca del Cogreso de los Estados Unidos   Uso interno Biblioteca Biblioteca de la Facultad de Economía Biblioteca de la Facultad de Economía General 30/10/2024 Unidad Académica 1a ed. Ciencias Económico Administrativas Ciencias Sociales y Administrativas HB159 R63 1979 BFE000005964 29/01/2014 1 1.00 Libro
  Biblioteca del Cogreso de los Estados Unidos     Biblioteca de la Facultad de Economía Biblioteca de la Facultad de Economía General 30/10/2024 Unidad Académica 1a ed. Ciencias Económico Administrativas Ciencias Sociales y Administrativas HB159 R63 1979 BFE000005965 29/01/2014 2 1.00 Libro
  Biblioteca del Cogreso de los Estados Unidos     Biblioteca de la Facultad de Economía Biblioteca de la Facultad de Economía General 30/10/2024 Unidad Académica 1a ed. Ciencias Económico Administrativas Ciencias Sociales y Administrativas HB159 R63 1979 BFE000010394 07/11/2016 3 1.00 Libro
  Biblioteca del Cogreso de los Estados Unidos     Biblioteca de la Facultad de Economía Biblioteca de la Facultad de Economía General 30/10/2024 Unidad Académica 1a ed. Ciencias Económico Administrativas Ciencias Sociales y Administrativas HB159 R63 1979 BFE000010393 07/11/2016 4 1.00 Libro